Old Rabbinic Doctrine of God. 1.The Names and Attributes of God. (Record no. 2609)

MARC details
000 -LEADER
fixed length control field 00623nam a2200241 a 4500
020 ## - INTERNATIONAL STANDARD BOOK NUMBER
ISBN
082 00 - DEWEY DECIMAL CLASSIFICATION NUMBER
Classification number 296.311
Author Cutter MAR
100 ## - MAIN ENTRY--AUTHOR NAME
Author name Marmorstein, A Rabbi
245 ## - TITLE STATEMENT
Title Old Rabbinic Doctrine of God. 1.The Names and Attributes of God.
260 ## - PUBLICATION, DISTRIBUTION, ETC. (IMPRINT)
Place of publication Oxford
Name of publisher Oxford University Press
Year of publication 1927
300 ## - PHYSICAL DESCRIPTION
Number of Pages 217p
500 ## - GENERAL NOTE
General note includes index and biblioraphy
505 2# - FORMATTED CONTENTS NOTE
Formatted contents note Index
650 ## - SUBJECT ADDED ENTRY--TOPICAL TERM
Topical Term God-Judaism
942 ## - ADDED ENTRY ELEMENTS (KOHA)
Koha item type Books
700 1# -
-- Marmorstein, A Rabbi
Holdings
Home library Current library Date acquired Cost, normal purchase price Full call number Accession Number Koha item type
Henry Martyn Institute Library Henry Martyn Institute Library 07/27/2007 100.00 296.311 MAR 598 E-Books
                   Copyright © 2026 | Henry Martyn Institute | Hyderabad | TS-500052 | INDIA | Implemented by hmi.edu.in
Hit-Count:

Powered by Koha